All of Imagine Dragons - Statistics

General Stats
  • This quiz has been taken 105 times
    39 since last reset
  • The average score is 102 of 223
Answer Stats
Hint Answer % Correct
It's Time EP | Night Visions It's Time
100%
Evolve Believer
95%
Origins Natural
95%
Mercury - Act 2 Sharks
95%
Evolve Thunder
95%
Mercury - Act 2 Bones
89%
Smoke + Mirrors Smoke and Mirrors
89%
Evolve Whatever It Takes
89%
It's Time EP | Night Visions Amsterdam
84%
Origins Birds
84%
Night Visions Demons
84%
LOOM Eyes Closed
84%
Evolve Mouth of the River
84%
Night Visions On Top of the World
84%
Night Visions Radioactive
84%
Smoke + Mirrors Shots
84%
Origins Bad Liar
79%
Other Enemy
79%
LOOM Fire In These Hills
79%
Smoke + Mirrors I Bet My Life
79%
Reflections I Bet My Life (Demo)
79%
Smoke + Mirrors I'm So Sorry
79%
LOOM Take Me To The Beach
79%
Evolve Walking The Wire
79%
Origins Zero
79%
Mercury - Act 1 #1
74%
Origins Boomerang
74%
Evolve Dancing in the Dark
74%
Mercury - Act 2 Symphony
74%
Mercury - Act 1 Follow You
74%
Mercury - Act 1 Giants
74%
Evolve I Don't Know Why
74%
Origins Love
74%
Origins Machine
74%
Mercury - Act 1 Monday
74%
LOOM Nice To Meet You
74%
Evolve Yesterday
74%
Night Visions Bleeding Out
68%
Origins Bullet in a Gun
68%
Mercury - Act 1 Cutthroat
68%
LOOM Gods Don't Pray
68%
Smoke + Mirrors Hopeless Opus
68%
Mercury - Act 2 I Don't Like Myself
68%
Mercury - Act 1 My Life
68%
Evolve Next to Me
68%
Evolve Rise Up
68%
Other Roots
68%
The Itch Star
68%
Smoke + Mirrors The Fall
68%
It's Time EP | Night Visions The River
68%
LOOM Wake Up
68%
Smoke + Mirrors Warriors
68%
Mercury - Act 2 Waves
68%
Origins West Coast
68%
Mercury - Act 1 Wrecked
68%
It's Time EP | Night Visions America
63%
Other Children Of The Sky
63%
Smoke + Mirrors Dream
63%
Hell and Silence EP Easy
63%
Mercury - Act 1 Easy Come Easy Go
63%
Other Fear
63%
Smoke + Mirrors Gold
63%
LOOM In Your Corner
63%
Mercury - Act 1 It's Ok
63%
LOOM Kid
63%
Mercury - Act 1 Lonely
63%
Smoke + Mirrors Monster
63%
Smoke + Mirrors Polaroid
63%
Hell and Silence EP | Night Visions Selene
63%
Mercury - Act 2 Sirens
63%
Evolve Start Over
63%
Smoke + Mirrors The Unknown
63%
Night Visions Tiptoe
63%
It's Time EP | Night Visions Tokyo
63%
Smoke + Mirrors Battle Cry
58%
Origins Cool Out
58%
Origins Digital
58%
LOOM Don't Forget Me
58%
Mercury - Act 1 Dull Knives
58%
Mercury - Act 2 Ferris Wheel
58%
Smoke + Mirrors Friction
58%
Hell and Silence EP | Night Visions Hear Me
58%
Evolve I'll Make It Up To You
58%
Mercury - Act 1 No Time For Toxic People
58%
Origins Only
58%
Smoke + Mirrors Release
58%
Smoke + Mirrors Summer
58%
Mercury - Act 2 Blur
53%
Origins Burn Out
53%
Night Visions Fallen
53%
Mercury - Act 2 Higher Ground
53%
Night Visions Nothing Left to Say
53%
Mercury - Act 1 One Day
53%
Origins Real Life
53%
Smoke + Mirrors Second Chances
53%
Origins Stuck
53%
Mercury - Act 2 They Don't Know You Like I Do
53%
Night Visions 10th Anniversary Bubble
47%
Mercury - Act 2 Continual (ft. Cory Henry)
47%
Hell and Silence EP Emma
47%
Mercury - Act 2 I'm Happy
47%
Smoke + Mirrors It Comes Back To You
47%
Other Levitate
47%
Other Not Today
47%
Night Visions Rocks
47%
Night Visions Round and Round
47%
Other Sucker For Pain
47%
Night Visions Underdog
47%
Smoke + Mirrors Who We Are
47%
Other Born to be Yours
42%
Night Visions Cha Ching (Till we Grow Older)
42%
Night Visions Cover
42%
Mercury - Act 2 Crushed
42%
The Itch | Unreleased Stars
42%
Mercury - Act 2 Tied
42%
Smoke + Mirrors Trouble
42%
Night Visions Working Man
42%
Hell and Silence EP All Eyes
37%
Imagine Dragons EP Cover Up
37%
It's Time EP Dolphins
37%
Night Visions Every Night
37%
Hell and Silence EP | Night Visions I Don't Mind
37%
Ragged Insomnia Imagine Dragons
37%
Other I Was Me
37%
Night Visions 10th Anniversary Love of Mine
37%
2010 Demo EP | It's Time EP Pantomime
37%
Mercury - Act 2 Peace of Mind
37%
Other Ready Aim Fire
37%
Other Stars Will Align
37%
Mercury - Act 2 Take it Easy
37%
Smoke + Mirrors Thief
37%
Mercury - Act 2 Younger
37%
Reflections Black
32%
Other Dare U
32%
Reflections Destroyed
32%
Mercury - Act 2 I Wish
32%
It's Time EP Look How Far We've Come
32%
Reflections Woke
32%
Reflections A-OK
26%
2008 Demos | Speak To Me EP Boots
26%
2008 Demos Clouds
26%
The Itch Coffee
26%
Reflections Cowboy
26%
Other Destination
26%
Other Heart Upon My Sleeve
26%
Reflections Mayday
26%
Reflections Monica
26%
Reflections My Car
26%
Night Visions My Fault
26%
2008 Demos | Speak To Me EP Pistol Whip
26%
2008 Demos | Speak To Me EP Speak To Me
26%
Reflections The Journey
26%
Other 30 Lives
21%
The Itch Blablabla
21%
2008 Demos Bottle of Coke
21%
Imagine Dragons EP Curse
21%
Imagine Dragons EP Hole Inside Our Chests
21%
Reflections I Get Carried Away
21%
The Itch I'm Over It
21%
Imagine Dragons EP I Need a Minute
21%
It's Time EP Leave Me
21%
Other Lost Cause
21%
Reflections Playin' Me
21%
Reflections Strange Ways
21%
Reflections The Ghost Intervention
21%
Imagine Dragons EP Uptight
21%
Other Wings
21%
Unreleased All for You
16%
Imagine Dragons EP Drive
16%
2008 Demos February
16%
Unreleased I'm Here For You
16%
2008 Demos | Speak To Me EP Living Musical
16%
2008 Demos Off to War
16%
Other Skipping Stones
16%
Dan Reynolds Twitch Demos Take My Heart Away
16%
Other Tessa
16%
2008 Demos | Speak To Me EP The Pit
16%
2008 Demos Unseen
16%
2008 Demos Volume Drops
16%
The Itch Work For It
16%
The Itch Bad Boys
11%
Unreleased Bang Bang Bang
11%
2010 Demo EP Believe Her
11%
Live Only Blood
11%
2010 Demo EP Bygones
11%
The Itch C'est La Vie
11%
2008 Demos Curtain Call
11%
Dan Reynolds Twitch Demos Hole In My Heart
11%
2010 Demo EP Home
11%
Other I Love You All The Time
11%
The Itch I've Just Begun
11%
Unreleased I Wish You Well
11%
The Itch Primadonna
11%
Dan Reynolds Twitch Demos Speechless
11%
Other Stand Up
11%
Dan Reynolds Twitch Demos The Man in the Moon
11%
Unreleased 5th Chord
5%
Dan Reynolds Twitch Demos Caught Up in my Feelings
5%
Unreleased Crash Course Collision
5%
Unreleased Darkness
5%
Unreleased Everyone Believes
5%
Other Fade
5%
Other Introduction
5%
Dan Reynolds Twitch Demos Pandora's Box
5%
Unreleased Voices
5%
Other White Christmas
5%
Live Only You Don't Stop
5%
Other Hands
0%
No matching quizzes found
Score Distribution
Percent of People with Each Score
Percentile by Number Answered
Your Score History
You have not taken this quiz since the last reset